[Event "Sideways Pawns: Increase pawn strength"]
[Site "SchemingMind.com"]
[Date "2022.09.07"]
[Round "-"]
[White "surfnsuds"]
[Black "Ilang"]
[Result "0-1"]
[WhiteCountry "USA"]
[BlackCountry "HUN"]
[WhiteElo "1057"]
[WhiteRD "123"]
[BlackElo "1823"]
[BlackRD "117"]
[GameID "726569"]

1. e4 e5 2. Nf3 d6 3. d4 exd4 4. Nxd4 e6 5. c3 c5 6. Bb5+ Bd7 7. Qd3 cxd4 8. cxd4 Bxb5 9. Qxb5+ Nc6 10. Qxb7 Nxd4
11. Na3 Bxa3 12. O-O Bc5 13. e2 Nxe2+ 14. Kh1 Nf6 15. Qb5+ Qd7 16. Qxc5 Rc8 17. Qe3 Nxc1 18. Raxc1 O-O 19. Rfd1 Qa4 20. Qb3 Qxe4
21. Re1 Rxc1 22. Rxc1 Qf4 23. Qc2 Ng4 24. g3 Qe3 25. Rf1 Rd8 26. Qg2 f5 27. h3 Rd2 28. Qa8+ Kf7 29. hxg4 Qxg3 30. Qb7+ Kg6
31. gxf5+ Kh6
0-1

[Event "Sideways Pawns: Increase pawn strength"]
[Site "SchemingMind.com"]
[Date "2022.09.07"]
[Round "-"]
[White "Ilang"]
[Black "surfnsuds"]
[Result "1-0"]
[WhiteCountry "HUN"]
[BlackCountry "USA"]
[WhiteElo "1823"]
[WhiteRD "117"]
[BlackElo "1057"]
[BlackRD "123"]
[GameID "726570"]

1. e4 e5 2. Nf3 Nc6 3. Bb5 a6 4. Bxc6 dxc6 5. d3 Qe7 6. Nc3 Nf6 7. Bg5 h6 8. Bxf6 Qxf6 9. h3 Bc5 10. Qd2 Be6
11. Na4 b6 12. Nxc5 bxc5 13. b3 O-O 14. a4 b5 15. Qc3 bxa4 16. bxa4 d7 17. Qxe5 Qxe5 18. Nxe5 f6 19. Ng6 Rfe8 20. Kd2 Bf7
21. Nf4 Re5 22. Rhb1 a7 23. f3 b6 24. Rb5 Rxb5 25. axb5 g5 26. Nd5 Bxd5 27. exd5 Re8 28. Rxa7 d6 29. Rb7 Re5 30. c4 e6
31. d6
1-0

[Event "Sideways Pawns: Increase pawn strength"]
[Site "SchemingMind.com"]
[Date "2022.09.25"]
[Round "-"]
[White "surfnsuds"]
[Black "Robert Hatfield"]
[Result "0-1"]
[WhiteCountry "USA"]
[BlackCountry "USA"]
[WhiteElo "1057"]
[WhiteRD "123"]
[BlackElo "1255"]
[BlackRD "188"]
[GameID "726959"]

1. d4 Nf6 2. c4 e6 3. e3 Bb4+ 4. Bd2 a5 5. Bxb4 axb4 6. d5 O-O 7. e5 Ne4 8. Bd3 f5 9. Nf3 Nc6 10. Bxe4 fxe4
11. Nfd2 Nxe5 12. O-O d5 13. d4 Nc4 14. Nxc4 dxc4 15. Nd2 Qd5 16. Rc1 b5 17. f3 exf3 18. Rxf3 Bb7 19. e4 Qg5 20. Rg3 Qf6
21. d4 Qf2+ 22. Kh1 Rxa2 23. e4 Rxb2 24. Rf3 Rxf3 25. Nxf3 Qxg2#
0-1

[Event "Sideways Pawns: Increase pawn strength"]
[Site "SchemingMind.com"]
[Date "2022.09.25"]
[Round "-"]
[White "Robert Hatfield"]
[Black "surfnsuds"]
[Result "1-0"]
[WhiteCountry "USA"]
[BlackCountry "USA"]
[WhiteElo "1255"]
[WhiteRD "188"]
[BlackElo "1057"]
[BlackRD "123"]
[GameID "726960"]

1. e4 e5 2. Nf3 Nc6 3. Nc3 Bb4 4. Bb5 Nf6 5. O-O O-O 6. Nd5 Nxe4 7. Bxc6 Bc5 8. Ba4 c6 9. Ne3 Re8 10. Bb3 d6
11. d3 Nf6 12. c3 Bg4 13. Nxg4 Nxg4 14. Bxf7+ Kxf7 15. Ng5+ Kg8 16. Qxg4 Qf6 17. Qc4+ d5 18. Qxc5 h6 19. Nf3 b6 20. Qa3 a5
21. Be3 c5 22. Qb3 e4 23. dxe4 Rxe4 24. Qxd5+ Re6 25. Qxa8+ Kf7 26. Rad1 Re8 27. Rd7+ Kf8 28. Qb7 f7 29. Re1 Kg7 30. Rxf7+ Qxf7
31. Bxh6+ Kg8 32. Qxf7+ Kxf7 33. Ng5+
1-0

[Event "Sideways Pawns: Increase pawn strength"]
[Site "SchemingMind.com"]
[Date "2022.09.25"]
[Round "-"]
[White "Ilang"]
[Black "Robert Hatfield"]
[Result "1-0"]
[WhiteCountry "HUN"]
[BlackCountry "USA"]
[WhiteElo "1823"]
[WhiteRD "117"]
[BlackElo "1255"]
[BlackRD "188"]
[GameID "726961"]

1. e4 e5 2. Nf3 Nc6 3. Bb5 a6 4. Bxc6 dxc6 5. Nxe5 Qd4 6. Nf3 Qxe4+ 7. e2 Bd7 8. Nc3 Qe7 9. O-O O-O-O 10. d2 g5
11. d3 g4 12. Re1 Qd6 13. Ne4 Qe7 14. Neg5 Be6 15. Ne5 h6 16. Nexf7 hxg5 17. Nxh8 Qd7 18. Bxg5 Re8 19. Ng6 Bd6 20. Nf4 Bxf4
21. Bxf4 Nf6 22. Re5 Nd5 23. Qd2
1-0

[Event "Sideways Pawns: Increase pawn strength"]
[Site "SchemingMind.com"]
[Date "2022.09.25"]
[Round "-"]
[White "Robert Hatfield"]
[Black "Ilang"]
[Result "0-1"]
[WhiteCountry "USA"]
[BlackCountry "HUN"]
[WhiteElo "1255"]
[WhiteRD "188"]
[BlackElo "1823"]
[BlackRD "117"]
[GameID "726962"]

1. e4 e5 2. Nf3 d6 3. d4 exd4 4. Nxd4 Nf6 5. f4 c5 6. Nf3 Nc6 7. Bb5 Bd7 8. Bxc6 Bxc6 9. Nc3 Be7 10. Be3 O-O
11. Qd2 Ne4 12. Nxe4 Bxe4 13. O-O-O h6 14. Qe2 d5 15. Ne5 f6 16. f3 Bh7 17. Ng4 Re8 18. Bd2 Qd7 19. Rhe1 Bf8 20. Ne3 Qa4
21. Kb1 Bxc2+ 22. Nxc2 Rxe2 23. Rxe2 d4 24. Bc1 Re8 25. Rxe8 Qxe8
0-1

[Event "Sideways Pawns: Increase pawn strength"]
[Site "SchemingMind.com"]
[Date "2022.09.26"]
[Round "-"]
[White "surfnsuds"]
[Black "Schaakmaatje"]
[Result "0-1"]
[WhiteCountry "USA"]
[BlackCountry "NED"]
[WhiteElo "1057"]
[WhiteRD "123"]
[BlackElo "1638"]
[BlackRD "186"]
[GameID "726994"]

1. d4 Nf6 2. c4 d5 3. c5 Nc6 4. Nf3 g6 5. Nc3 Bg7 6. b5 Na5 7. Qa4 Nc4 8. c5+ Bd7 9. Qb4 c6 10. e4 b5
11. exd5 Nxd5 12. e4 Nxb4 13. Bxc4 bxc4 14. d5 Nc2+ 15. Kd1 Nxa1 16. Bg5 Qa5 17. Kd2 Bxc3+ 18. bxc3 Qxa2+ 19. Ke1 Rb8 20. Nd2 Rb1+
21. Nxb1 Qxb1+
0-1

[Event "Sideways Pawns: Increase pawn strength"]
[Site "SchemingMind.com"]
[Date "2022.09.26"]
[Round "-"]
[White "Schaakmaatje"]
[Black "surfnsuds"]
[Result "1-0"]
[WhiteCountry "NED"]
[BlackCountry "USA"]
[WhiteElo "1638"]
[WhiteRD "186"]
[BlackElo "1057"]
[BlackRD "123"]
[GameID "726995"]

1. e4 e5 2. Nf3 d6 3. Bc4 Be6 4. Bxe6 fxe6 5. O-O f5 6. exf5 exf5 7. d4 Nf6 8. Re1+ e5 9. dxe5 dxe5 10. Qxd8+ Kxd8
11. Nxe5 Bd6 12. Nf7+ Kd7 13. Nxh8 Nc6 14. Nf7 Bc5 15. Ng5 h6 16. Ne4 Bb4 17. c3 Be7 18. Nxf6+ Bxf6 19. Bf4 g5 20. Bg3 Ne7
21. Nd2 Nf5 22. Nf3 g4 23. Ne5+ Bxe5 24. Bxe5 Rg8 25. Rad1+ Kc8 26. g3 h5 27. Bf6 b6 28. Rd5 Nd6 29. Rxh5 Ne8 30. Rxe8+ Rxe8
31. Rh8 Rxh8 32. Bxh8 c5 33. h4 Kd8 34. Kg2 Ke7 35. f3 gxf3+ 36. Kxf3
1-0

[Event "Sideways Pawns: Increase pawn strength"]
[Site "SchemingMind.com"]
[Date "2022.09.26"]
[Round "-"]
[White "Ilang"]
[Black "Schaakmaatje"]
[Result "1-0"]
[WhiteCountry "HUN"]
[BlackCountry "NED"]
[WhiteElo "1772"]
[WhiteRD "127"]
[BlackElo "1358"]
[BlackRD "264"]
[GameID "726996"]

1. e4 e5 2. Nf3 Nc6 3. Bb5 d6 4. Bxc6+ bxc6 5. d4 Bg4 6. dxe5 Bxf3 7. Qxf3 dxe5 8. O-O Bc5 9. Qg3 Nf6 10. Qxe5+ Be7
11. Nd2 O-O 12. Qf4 b7 13. Nf3 Qd7 14. Re1 Rad8 15. Be3 b6 16. a3 Rfe8 17. Bd4 Nh5 18. Qc1 c5 19. Bc3 Nf6 20. Qe3 d5
21. Bxf6 Bxf6 22. e5 Re6 23. Qd3 Be7 24. Nd4 Rh6 25. Rad1 Bc5 26. Ne2 Qg4 27. Qg3 Qe4 28. Nc3 Qxc2 29. Nxd5 Rg6 30. Nf6+ gxf6
31. Rxd8+ Kg7 32. exf6+
1-0

[Event "Sideways Pawns: Increase pawn strength"]
[Site "SchemingMind.com"]
[Date "2022.09.26"]
[Round "-"]
[White "Schaakmaatje"]
[Black "Ilang"]
[Result "1/2-1/2"]
[WhiteCountry "NED"]
[BlackCountry "HUN"]
[WhiteElo "1638"]
[WhiteRD "186"]
[BlackElo "1823"]
[BlackRD "117"]
[GameID "726997"]

1. d4 d5 2. Nf3 e6 3. Bf4 c6 4. e3 Nd7 5. h3 Ngf6 6. Bd3 Be7 7. Nbd2 c5 8. c3 c4 9. Bc2 b5 10. O-O Bb7
11. Re1 a5 12. e4 dxe4 13. Nxe4 Nxe4 14. Bxe4 Bxe4 15. Rxe4 Nf6 16. Re2 a4 17. a3 Nd5 18. Bh2 O-O 19. e4 Nf6 20. Rd2 Qb6
21. e5 Ne4 22. Re2 Nc5 23. c2 Rfd8 24. Nd4 Na6 25. Qc1 Nc7 26. f5 Bd6 27. Bxd6 Rxd6 28. fxe6 Nxe6 29. Nf5 Rd7 30. Qe1 Rad8
31. Nd4 Nc7 32. Re5 Rd5 33. Qe4 Rxe5 34. Qxe5 g6 35. Rd1 Re8 36. Qg3 Qc5 37. b2 Kg7 38. f4 Re4 39. f5 f6 40. Kh2 g5
41. Re1 Rxe1 42. Qxe1 Kf7 43. Qe2 Qe7 44. Qxe7+=
1/2-1/2

[Event "Sideways Pawns: Increase pawn strength"]
[Site "SchemingMind.com"]
[Date "2022.09.26"]
[Round "-"]
[White "Schaakmaatje"]
[Black "Robert Hatfield"]
[Result "1-0"]
[WhiteCountry "NED"]
[BlackCountry "USA"]
[WhiteElo "1638"]
[WhiteRD "186"]
[BlackElo "1255"]
[BlackRD "188"]
[GameID "726998"]

1. d4 Nf6 2. c4 e6 3. Nc3 Bb4 4. Bg5 Bxc3+ 5. bxc3 O-O 6. e4 e7 7. Bd3 h6 8. Bh4 Nc6 9. e5 Nd7 10. Nf3 b6
11. Bg3 Ba6 12. Qa4 Na5 13. Be4 Bxc4 14. Bxa8 Qxa8 15. Qc2 Bd5 16. e2 Nc4 17. Kf2 b5 18. d3 Ncb6 19. e4 Bb7 20. Rhe1 Rc8
21. Kg1 c5 22. Qe2 cxd4 23. Nxd4 a6 24. Rac1 Nc5 25. Nb3 Nba4 26. Na5 Rd8 27. Nxb7 Qxb7 28. Red1 b6 29. Bf2 Qb8 30. d4 Nd7
31. Qxb5 Qa8 32. Rc4
1-0

[Event "Sideways Pawns: Increase pawn strength"]
[Site "SchemingMind.com"]
[Date "2022.09.26"]
[Round "-"]
[White "Robert Hatfield"]
[Black "Schaakmaatje"]
[Result "0-1"]
[WhiteCountry "USA"]
[BlackCountry "NED"]
[WhiteElo "1255"]
[WhiteRD "188"]
[BlackElo "1638"]
[BlackRD "186"]
[GameID "726999"]

1. e4 c6 2. d4 d5 3. e5 Bf5 4. Nc3 e6 5. g4 Bg6 6. h4 h5 7. g5 Ne7 8. Be3 Nd7 9. Qd2 Nf5 10. Bd3 Nxe3
11. Bxg6 Nc4 12. Qd3 Nxb2 13. Bxf7+ Kxf7 14. g6+ Ke8 15. Qf3 Qe7 16. Rb1 Qa3 17. Nge2 Bb4 18. Qf7+ Kd8 19. Kd2 Nc4+
0-1

[Event "Sideways Pawns: Increase pawn strength"]
[Site "SchemingMind.com"]
[Date "2022.11.03"]
[Round "-"]
[White "surfnsuds"]
[Black "MazetaFighter"]
[Result "0-1"]
[WhiteCountry "USA"]
[BlackCountry "GRE"]
[WhiteElo "1041"]
[WhiteRD "126"]
[BlackElo "1530"]
[BlackRD "133"]
[GameID "728058"]

1. c4 e5 2. e3 Bc5 3. Ne2 Nc6 4. b3 f5 5. Nbc3 Nf6 6. Bb2 d6 7. d4 exd4 8. exd4 Nxd4 9. Nxd4 Bxd4 10. Bd3 Qe7+
11. e2 O-O 12. Bc4+ d5 13. Qxd4 dxc4 14. Qxc4+ Be6 15. Qh4 Rad8 16. O-O Nd5 17. Qxe7 Nxe7 18. Rad1 a6 19. Rd3 Rxd3 20. exd3 Nc6
21. Re1 Kf7 22. Na4 b6 23. Bxg7 Rd8 24. Nb2 Bxb3 25. axb3 Kxg7 26. Re6 Nb4 27. c3 Nd3 28. Nc4 Nc5 29. g3 Nxe6 30. Kg2 Rd3
31. Ne3 Rxc3 32. Nxf5+ Kf6 33. Ne3 Rxb3 34. Kf3 a5
0-1

[Event "Sideways Pawns: Increase pawn strength"]
[Site "SchemingMind.com"]
[Date "2022.11.07"]
[Round "-"]
[White "MazetaFighter"]
[Black "surfnsuds"]
[Result "1-0"]
[WhiteCountry "GRE"]
[BlackCountry "USA"]
[WhiteElo "1530"]
[WhiteRD "133"]
[BlackElo "1041"]
[BlackRD "126"]
[GameID "728059"]

1. e4 e5 2. Bc4 c6 3. Qh5 Qf6 4. Nf3 d5 5. exd5 g6 6. Qe5+ Qxe5+ 7. Nxe5 d6 8. Nf3 Nf6 9. O-O e6 10. dxe6 dxe6
11. d4 Bg7 12. Nc3 O-O 13. Nb5 Na6 14. Bf4 Nd5 15. Bg3 Rd8 16. Rfe1 Bd7 17. Nd6 c7 18. Nb7 Rdb8 19. Bxa6 Nb4 20. Nc5 Nxc2
21. Nxd7 Rxb2 22. Bxc7 Nxa1 23. Rxa1 Rc2 24. Be5 f6 25. Nxf6+ Bxf6 26. Bxf6 Rf8 27. Be5 f6 28. Bd6 Rd8 29. Be7 Rd7 30. Bxf6 Rd6
31. Bd3 Rc7 32. Be5 Rc3 33. Bxd6 Rxd3 34. Kf1 Rc3 35. Rb1 Rc6 36. Rb8+ Kg7 37. Rb7+ Kh6 38. Bf8+ Kh5 39. Rb5+
1-0

[Event "Sideways Pawns: Increase pawn strength"]
[Site "SchemingMind.com"]
[Date "2022.11.07"]
[Round "-"]
[White "Ilang"]
[Black "MazetaFighter"]
[Result "1-0"]
[WhiteCountry "HUN"]
[BlackCountry "GRE"]
[WhiteElo "1864"]
[WhiteRD "114"]
[BlackElo "1470"]
[BlackRD "157"]
[GameID "728060"]

1. e4 d5 2. exd5 Qxd5 3. Nc3 Qd6 4. d4 Nf6 5. Nf3 e6 6. Bd3 Be7 7. O-O O-O 8. Bg5 Nc6 9. Re1 Nd5 10. Ne4 Qd8
11. c4 Bxg5 12. cxd5 Qxd5 13. Nfxg5 Qxd4 14. Nxh7
1-0

[Event "Sideways Pawns: Increase pawn strength"]
[Site "SchemingMind.com"]
[Date "2022.11.03"]
[Round "-"]
[White "MazetaFighter"]
[Black "Ilang"]
[Result "0-1"]
[WhiteCountry "GRE"]
[BlackCountry "HUN"]
[WhiteElo "1470"]
[WhiteRD "157"]
[BlackElo "1864"]
[BlackRD "114"]
[GameID "728061"]

1. e4 e5 2. d4 exd4 3. Qxd4 Nc6 4. Qe3 Nf6 5. Nc3 Bb4 6. Bd2 O-O 7. O-O-O Re8 8. f3 d5 9. Qg5 d4 10. Bf4 h6
11. Qb5 a6 12. Qa4 Be6 13. e5 b5 14. Bxb5 axb5 15. Qxb5 Bxc3 16. exf6 Rxa2 17. d2 Ra1+ 18. Kc2 d3+
0-1

[Event "Sideways Pawns: Increase pawn strength"]
[Site "SchemingMind.com"]
[Date "2022.11.07"]
[Round "-"]
[White "Schaakmaatje"]
[Black "MazetaFighter"]
[Result "1/2-1/2"]
[WhiteCountry "NED"]
[BlackCountry "GRE"]
[WhiteElo "1681"]
[WhiteRD "156"]
[BlackElo "1470"]
[BlackRD "157"]
[GameID "728062"]

1. e4 d5 2. exd5 Qxd5 3. d4 e5 4. c3 Nf6 5. Be3 Be7 6. c4 Bb4+ 7. Nc3 Qd6 8. a3 Bxc3+ 9. bxc3 exd4 10. Qxd4 Qxd4
11. Bxd4 Nc6 12. Bd3 Bd7 13. Nf3 O-O=
1/2-1/2

[Event "Sideways Pawns: Increase pawn strength"]
[Site "SchemingMind.com"]
[Date "2022.11.02"]
[Round "-"]
[White "MazetaFighter"]
[Black "Schaakmaatje"]
[Result "1/2-1/2"]
[WhiteCountry "GRE"]
[BlackCountry "NED"]
[WhiteElo "1470"]
[WhiteRD "157"]
[BlackElo "1681"]
[BlackRD "156"]
[GameID "728063"]

1. e4 e5 2. d4 exd4 3. Qxd4 Nc6 4. Qe3 d6 5. d4+ Qe7 6. Nc3 Qxe3+ 7. Bxe3 Nf6 8. Be2 a6 9. O-O-O d5 10. h3 h6
11. Nf3 Bf5 12. a3 Bd6 13. g4 Be6 14. b4 b5 15. Rhe1=
1/2-1/2

[Event "Sideways Pawns: Increase pawn strength"]
[Site "SchemingMind.com"]
[Date "2022.11.07"]
[Round "-"]
[White "MazetaFighter"]
[Black "Robert Hatfield"]
[Result "0-1"]
[WhiteCountry "GRE"]
[BlackCountry "USA"]
[WhiteElo "1470"]
[WhiteRD "157"]
[BlackElo "1483"]
[BlackRD "161"]
[GameID "728064"]

1. e4 e5 2. d4 exd4 3. Qxd4 Nc6 4. Qe3 Be7 5. Nc3 Nf6 6. Be2 d6 7. Bd2 O-O 8. O-O-O Be6 9. f4 a5 10. Nf3 a4
11. Kb1 a3 12. b3 d5 13. f5 d4 14. Nxd4 Nxd4 15. fxe6 Nxe2 16. exf7+ Rxf7 17. Qxe2 Qd4 18. Be1 Qe5 19. Bg3 Qxc3
0-1

[Event "Sideways Pawns: Increase pawn strength"]
[Site "SchemingMind.com"]
[Date "2022.11.07"]
[Round "-"]
[White "Robert Hatfield"]
[Black "MazetaFighter"]
[Result "1/2-1/2"]
[WhiteCountry "USA"]
[BlackCountry "GRE"]
[WhiteElo "1483"]
[WhiteRD "161"]
[BlackElo "1470"]
[BlackRD "157"]
[GameID "728065"]

1. e4 d5 2. exd5 Qxd5 3. Nf3 e5 4. Nc3 Qa5 5. Bc4 Be7 6. Qe2 Nc6 7. O-O Nf6 8. d3 O-O 9. Bd2 Qc5 10. h3 d5
11. Bb3 Re8 12. Rae1 Bf5 13. Qd1 b5 14. d4 Nxd4 15. Nxd4 Qxd4 16. Be3 Qxd1 17. Rxd1 c6 18. Ne2 a5 19. Nd4 Bd7 20. c3 a4
21. Bc2 c5 22. Nf5 Bf8 23. Rfe1 g6 24. Nh6+ Bxh6 25. Bxh6 Rxe1+ 26. Rxe1 Re8 27. Kf1 Rxe1+=
1/2-1/2

[Event "Sideways Pawns: Increase pawn strength"]
[Site "SchemingMind.com"]
[Date "2022.11.12"]
[Round "-"]
[White "surfnsuds"]
[Black "magier72"]
[Result "0-1"]
[WhiteCountry "USA"]
[BlackCountry "GER"]
[WhiteElo "1020"]
[WhiteRD "124"]
[BlackElo "1390"]
[BlackRD "98"]
[GameID "728277"]

1. d4 Nf6 2. c4 e6 3. Bg5 Bb4+ 4. Nd2 e7 5. a3 Bxd2+ 6. Qxd2 Nc6 7. e3 Ne4 8. Bxe7 Qxe7 9. Qd3 d6 10. f3 Qh4+
11. g3 Nxg3 12. hxg3 Qxg3+ 13. Ke2 h5 14. Bh3 e6 15. d5 exd5 16. Qxd5 Bxh3 17. Nxh3 g5 18. Rag1 Qe5 19. Rxg5 Qxb2+ 20. Qd2 Qxd2+
21. Kxd2 O-O-O+ 22. d3 Nd4 23. Rxg7 Nxf3+ 24. Ke3 Ne5 25. Rg3 Rxd3+ 26. Ke2 Rxg3 27. Nf2 Re8 28. Re1 Nf3+
0-1

[Event "Sideways Pawns: Increase pawn strength"]
[Site "SchemingMind.com"]
[Date "2022.11.11"]
[Round "-"]
[White "magier72"]
[Black "surfnsuds"]
[Result "1-0"]
[WhiteCountry "GER"]
[BlackCountry "USA"]
[WhiteElo "1390"]
[WhiteRD "98"]
[BlackElo "1020"]
[BlackRD "124"]
[GameID "728278"]

1. e4 e5 2. f4 d6 3. Nf3 Bg4 4. Bc4 exf4 5. d4 Qe7 6. O-O Nf6 7. Bxf4 d5 8. Bxd5 Nxd5 9. exd5 Qd7 10. Nc3 Bd6
11. Re1+ Be7 12. d2 Bxf3 13. Qxf3 O-O 14. d3 Bb4 15. a3 Ba5 16. b3 Bxc3 17. bxc3 a5 18. c4 b6 19. Qe4 Re8 20. Qxe8+ Qxe8
21. Rxe8#
1-0

[Event "Sideways Pawns: Increase pawn strength"]
[Site "SchemingMind.com"]
[Date "2022.11.11"]
[Round "-"]
[White "Ilang"]
[Black "magier72"]
[Result "1-0"]
[WhiteCountry "HUN"]
[BlackCountry "GER"]
[WhiteElo "1877"]
[WhiteRD "115"]
[BlackElo "1377"]
[BlackRD "96"]
[GameID "728279"]

1. e4 c5 2. Nf3 Nc6 3. d4 cxd4 4. Nxd4 Nf6 5. Nc3 d6 6. Bg5 e6 7. Qd2 a6 8. O-O-O Qc7 9. Nxc6 bxc6 10. Bf4 e5
11. Bg5 Be7 12. Bc4 O-O 13. Bxf6 Bxf6 14. Qxd6 Qxd6 15. Rxd6 c5 16. Rhd1 Bb7 17. Kb1 Rad8 18. Bxa6 Bxa6 19. Rxa6 Rxd1+ 20. Nxd1 Rd8
21. Nc3 c4 22. Rc6 d4 23. Nd5 e7 24. b4 Rd6 25. Nxf6+ gxf6 26. Rxd6 exd6 27. b5
1-0

[Event "Sideways Pawns: Increase pawn strength"]
[Site "SchemingMind.com"]
[Date "2022.11.11"]
[Round "-"]
[White "magier72"]
[Black "Ilang"]
[Result "0-1"]
[WhiteCountry "GER"]
[BlackCountry "HUN"]
[WhiteElo "1377"]
[WhiteRD "96"]
[BlackElo "1877"]
[BlackRD "115"]
[GameID "728280"]

1. e4 e5 2. Nf3 Nc6 3. Bc4 Bc5 4. b4 Bxb4 5. c3 Ba5 6. d4 d6 7. Qb3 Qe7 8. O-O Bb6 9. Bg5 Nf6 10. Bb5 O-O
11. Bxc6 bxc6 12. Re1 h6 13. Bc1 exd4 14. cxd4 b7 15. Nc3 Be6 16. d5 Bg4 17. Bf4 Nh5 18. d4 Qf6 19. c5 Nxf4 20. Ne4 Qg6
21. cxb6 Nxg2 22. Nxd6 Bxf3 23. Qxf3 Nxe1+ 24. Qg3 Nf3+
0-1

[Event "Sideways Pawns: Increase pawn strength"]
[Site "SchemingMind.com"]
[Date "2022.11.11"]
[Round "-"]
[White "Schaakmaatje"]
[Black "magier72"]
[Result "1-0"]
[WhiteCountry "NED"]
[BlackCountry "GER"]
[WhiteElo "1730"]
[WhiteRD "143"]
[BlackElo "1377"]
[BlackRD "96"]
[GameID "728281"]

1. e4 c5 2. Nf3 Nc6 3. Nc3 g6 4. d4 cxd4 5. Nxd4 Bg7 6. Be3 Nf6 7. f3 O-O 8. Be2 e5 9. Ndb5 e7 10. Qxd8 Rxd8
11. Nd5 Be6 12. c4 a6 13. Nbc7 Rac8 14. O-O Nd4 15. Bxd4 exd4 16. Nxe7+ Kf8 17. Nxc8 Rxc8 18. Nd5 Nxd5 19. cxd5 Rc2 20. Bd3 Rd2
21. Rfd1 Rxd1+ 22. Rxd1 Bd7 23. Kf2 b5 24. Rc1 c4 25. Bxc4 bxc4 26. Rxc4 Bxb2 27. Ke3 Be5 28. f4 Bf6 29. e5 Be7 30. d6 Bd8
31. a4 b6 32. Kd4 b5 33. axb5 Bxb5 34. Rc8 Ke8 35. Kc5 Bd7 36. Ra8 e7 37. c6 Bxc6 38. Kxc6 d7+ 39. Kd5 Ke7 40. Rxd8 Kxd8
41. g4 g7 42. e6 e7 43. h4 f6 44. f5 Ke8 45. g5 h7 46. gxf6
1-0

[Event "Sideways Pawns: Increase pawn strength"]
[Site "SchemingMind.com"]
[Date "2022.11.11"]
[Round "-"]
[White "magier72"]
[Black "Schaakmaatje"]
[Result "0-1"]
[WhiteCountry "GER"]
[BlackCountry "NED"]
[WhiteElo "1377"]
[WhiteRD "96"]
[BlackElo "1730"]
[BlackRD "143"]
[GameID "728282"]

1. e4 c5 2. Nf3 d6 3. d4 cxd4 4. Nxd4 g6 5. Nc3 Bg7 6. Be2 Nf6 7. O-O O-O 8. Re1 Nc6 9. Nb3 Nd7 10. d4 Re8
11. d5 Na5 12. Nd4 Bxd4 13. Qxd4 b6 14. Bh6 Nf6 15. Bb5 Bd7 16. a4 Nb7 17. b4 g7 18. Bxd7 Qxd7 19. Bd2 Nd8 20. e5 dxe5
21. Qxd7 Nxd7 22. Nd5 Rc8 23. Bc3 f6 24. f4 e6 25. fxe5 exd5 26. exf6 Rxe1+ 27. Rxe1 Nxf6 28. Bxf6 gxf6 29. Re8+ Kf7 30. Rh8 g7
31. c3 Ke7 32. Rg8 f7 33. h4 g6 34. g3 Rc4 35. Kf2 d4 36. g4 dxc3 37. bxc3 Rxc3
0-1

[Event "Sideways Pawns: Increase pawn strength"]
[Site "SchemingMind.com"]
[Date "2022.11.12"]
[Round "-"]
[White "MazetaFighter"]
[Black "magier72"]
[Result "1-0"]
[WhiteCountry "GRE"]
[BlackCountry "GER"]
[WhiteElo "1530"]
[WhiteRD "133"]
[BlackElo "1377"]
[BlackRD "96"]
[GameID "728283"]

1. d4 Nf6 2. c4 e6 3. Nc3 d5 4. e3 c6 5. cxd5 exd5 6. c4 Bb4 7. Bd2 O-O 8. Qc2 Bd6 9. Nf3 Re8 10. O-O-O Qb6
11. cxd5 Nxd5 12. Bc4 Nf6 13. Ne2 Nbd7 14. Bc3 Qc7 15. Qd2 Ne4 16. Qe1 Ndc5 17. Nfd4 Be5 18. Nf3 Bxc3 19. Nxc3 b5 20. d3 bxc4
21. dxe4 Qf4+ 22. Kb1 b4 23. Ne2 Qxe4+ 24. Ka1 Nd3 25. Qf1 Bf5 26. Ng3 Qe6 27. Nxf5 b7 28. a3 Qb3 29. Qxd3 Qxd3 30. Rxd3 g6
31. Ne3 b5 32. Rhd1 c4 33. Rd7
1-0

[Event "Sideways Pawns: Increase pawn strength"]
[Site "SchemingMind.com"]
[Date "2022.11.11"]
[Round "-"]
[White "magier72"]
[Black "MazetaFighter"]
[Result "1/2-1/2"]
[WhiteCountry "GER"]
[BlackCountry "GRE"]
[WhiteElo "1377"]
[WhiteRD "96"]
[BlackElo "1530"]
[BlackRD "133"]
[GameID "728284"]

1. e4 d5 2. exd5 Qxd5 3. Nc3 Qe5+ 4. e2 Nf6 5. Nf3 Qd6 6. d2 Nc6 7. Bc4 e5 8. O-O Be7 9. d4 Nxd4 10. Nxd4 exd4
11. Nb5 Qc5 12. b3 O-O 13. Bb2 a6 14. Bxd4 Qc6 15. Nc3 b5 16. Bxf6 Bxf6 17. Bd5 Qxc3 18. Bxa8 Qxa1 19. Qxa1 Bxa1 20. Rxa1 Bf5
21. Bf3 Bxc2 22. Rc1 Re8 23. h4 Be4 24. Rxc7 Bxf3 25. gxf3 Kf8 26. e3 h5 27. c3 Re4 28. Ra7 Rxh4 29. Rxa6 Ra4 30. Rxa4 bxa4
31. f4 g6 32. e4 Ke7 33. c4 a3 34. c5 Kd7 35. b5 Kc7 36. c5 e7=
1/2-1/2

[Event "Sideways Pawns: Increase pawn strength"]
[Site "SchemingMind.com"]
[Date "2022.11.12"]
[Round "-"]
[White "magier72"]
[Black "Robert Hatfield"]
[Result "0-1"]
[WhiteCountry "GER"]
[BlackCountry "USA"]
[WhiteElo "1377"]
[WhiteRD "96"]
[BlackElo "1578"]
[BlackRD "141"]
[GameID "728285"]

1. e3 e5 2. c4 Nf6 3. Nc3 d5 4. cxd5 Nxd5 5. Qh5 Nc6 6. Bb5 Be6 7. Nf3 d7 8. Ng5 Ndb4 9. O-O a6 10. Be2 Be7
11. Nxe6 dxe6 12. Bc4 O-O 13. Qd1 Nd3 14. c2 Nxc1 15. Rxc1 b5 16. Bxb5 axb5 17. Nxb5 Rxa2 18. d2 Rxb2 19. Rxc6 Rxb5 20. c2 Rc5
21. Rxc5 Bxc5 22. c4 d6 23. Qd5 Qb6 24. Rd1 g6 25. d4 exd4 26. exd4 Ba3 27. g3 Rb8 28. c4 e6 29. Qd3 Bc5 30. d4 Rd8
31. Qf3 Rxd4 32. Rxd4 Bxd4
0-1

[Event "Sideways Pawns: Increase pawn strength"]
[Site "SchemingMind.com"]
[Date "2022.11.12"]
[Round "-"]
[White "Robert Hatfield"]
[Black "magier72"]
[Result "1-0"]
[WhiteCountry "USA"]
[BlackCountry "GER"]
[WhiteElo "1578"]
[WhiteRD "141"]
[BlackElo "1377"]
[BlackRD "96"]
[GameID "728286"]

1. e4 c5 2. Nf3 Nc6 3. d4 cxd4 4. Nxd4 Nf6 5. Nc3 d6 6. Be2 a6 7. O-O e6 8. Be3 Be7 9. Qe1 O-O 10. Rd1 Bd7
11. f3 Ne5 12. a4 Rc8 13. Nb3 Ng6 14. f4 Rxc3 15. bxc3 Nxe4 16. Bf3 d5 17. a5 Bb5 18. Bxe4 Bxf1 19. Qxf1 Qc8 20. Bxg6 fxg6
21. Qe1 Bf6 22. Bd4 Bxd4+ 23. Nxd4 Rxf4 24. Nxe6 Re4 25. Qxe4 dxe4 26. Rd8+ Qxd8 27. Nxd8 c7 28. Ne6
1-0

[Event "Sideways Pawns: Increase pawn strength"]
[Site "SchemingMind.com"]
[Date "2022.11.13"]
[Round "-"]
[White "surfnsuds"]
[Black "im_cincinnati_kid37"]
[Result "1-0"]
[WhiteCountry "USA"]
[BlackCountry "USA"]
[WhiteElo "1100"]
[WhiteRD "118"]
[BlackElo "973"]
[BlackRD "134"]
[GameID "728368"]

1. d4 d5 2. Nc3 Nf6 3. e3 e6 4. Nf3 c6 5. Ne5 h6 6. Bd3 Qa5 7. O-O Bd6 8. Bd2 Qc7 9. f3 c5 10. Bb5+ Nbd7
11. Qe2 cxd4 12. Bxd7+ Bxd7 13. Nxd7 Qxd7 14. Nb5 e5 15. Nxd6+ Qxd6 16. Rae1 O-O 17. a3 a6 18. Bb4 Qb6 19. Bxf8 Rxf8 20. b3 Re8
21. e3 dxe3 22. fxe3 Re6 23. Kh1 e4 24. Qf2 Qc7 25. Rc1 Qc3 26. Qg3 Qc6 27. d2
1-0